Mountains

-д хадгалсан:
Номзүйн дэлгэрэнгүй
Үндсэн зохиолч: Lye, Keith (autor)
Формат: Ном
Хэл сонгох:англи
Хэвлэсэн: Wayland 1986
Цуврал:Our World
Нөхцлүүд:
Шошгууд: Шошго нэмэх
Шошго байхгүй, Энэхүү баримтыг шошголох эхний хүн болох!

MARC

LEADER 00000cam a2200000 a 4500
001 UCF4943
003 CL-VaPUC
008 130110e19860000UK |||||||||||||||||eng|d
020 |a 0850788730 
082 0 4 |a 551.43  |b LYE  |2 21 
100 |a Lye, Keith  |e autor  |9 566675 
245 1 0 |a Mountains 
300 |a 48 p 
942 |c BK 
945 |d 20130110 00:00:00  |a dcastane 
260 |b Wayland  |c 1986 
650 0 |a Geología   |9 260984 
650 7 |a MONTAÑAS  |2 CL-VaPUC  |9 351402 
650 0 |a Minerales   |9 264051 
650 0 |a Rocas  |9 266105 
583 |a last modification  |c 20130110 11:00:00  |k Rodrigo Vera 
490 0 |a Our World 
999 |c 350618  |d 350616 
952 |0 0  |1 0  |4 0  |6 551_430000000000000_LYE_1986  |7 0  |8 X  |9 454152  |a BIBEDU  |b BIBEDU  |d 2019-11-22  |i 4935632  |o 551.43 LYE 1986  |p 4935632  |r 2023-01-13  |w 2019-11-22  |y BK_X  |k LIT